| 000 | 01299cam a2200325 a 4500 | ||
|---|---|---|---|
| 001 | 15374909 | ||
| 003 | OSt | ||
| 005 | 20211104103923.0 | ||
| 008 | 080721s2009 nyuab b 000 0 eng | ||
| 010 | _a 2008031078 | ||
| 020 | _a9780073404271 (pbk. : alk. paper) | ||
| 020 | _a0073404276 (pbk. : alk. paper) | ||
| 040 |
_aDLC _chu _dDLC |
||
| 043 | _an-us--- | ||
| 050 | 0 | 0 |
_aE184.A1 _bR4485 2009 |
| 082 | 0 | 0 |
_a305.800973 _222 |
| 245 | 0 | 0 |
_aRethinking the color line : _breadings in race and ethnicity / _c[edited by] Charles A. Gallagher. |
| 250 | _a4th ed. | ||
| 260 |
_aNew York : _bMcGraw-Hill Higher Education, _cc2009. |
||
| 300 |
_axiii, 497 p. : _bill. (some col.), maps (some col.) ; _c24 cm. |
||
| 504 | _aIncludes bibliographical references. | ||
| 650 | 0 |
_aMinorities _xCivil rights _zUnited States. _916894 |
|
| 651 | 0 |
_aUnited States _xRace relations. _916895 |
|
| 651 | 0 |
_aUnited States _xEthnic relations. _916896 |
|
| 700 | 1 |
_aGallagher, Charles A. _q(Charles Andrew), _d1962- _916897 |
|
| 856 | 4 | 1 |
_3Table of contents only _uhttp://www.loc.gov/catdir/toc/ecip0823/2008031078.html |
| 906 |
_a7 _bcbc _corignew _d1 _eecip _f20 _gy-gencatlg |
||
| 942 |
_2ddc _cBOOKS _n0 |
||
| 999 |
_c16687 _d16687 |
||